Countries With Only One R - Statistics

General Stats
  • This quiz has been taken 101 times
    48 since last reset
  • The average score is 69 of 86
Answer Stats
Continent Country % Correct
Oceania Australia
97%
Europe Romania
97%
Europe Austria
94%
Europe France
94%
Europe Ireland
94%
Europe/Asia Russia
94%
South America Argentina
90%
South America Brazil
90%
Asia Iran
90%
Asia Iraq
90%
Europe Portugal
90%
Africa Rwanda
90%
Asia Turkey
90%
Asia Armenia
87%
Europe Bulgaria
87%
Europe Croatia
87%
Europe Denmark
87%
Europe Greece
87%
North America Honduras
87%
Europe Hungary
87%
Europe Serbia
87%
Africa South Africa
87%
Asia South Korea
87%
South America Suriname
87%
Africa Algeria
84%
North America Barbados
84%
North America Dominican Republic
84%
South America Ecuador
84%
Africa Morocco
84%
Europe Netherlands
84%
North America Nicaragua
84%
Europe Norway
84%
South America Paraguay
84%
Asia Saudi Arabia
84%
South America Uruguay
84%
North America Antigua and Barbuda
81%
Asia Bahrain
81%
Europe/Asia Cyprus
81%
North America El Salvador
81%
Europe Germany
81%
Asia Israel
81%
Asia Kyrgyzstan
81%
Africa Niger
81%
Africa Nigeria
81%
South America Peru
81%
Asia Qatar
81%
Europe San Marino
81%
Asia Turkmenistan
81%
Europe Bosnia and Herzegovina
77%
Africa Cameroon
77%
Africa Comoros
77%
Asia East Timor
77%
Africa Ivory Coast
77%
Asia Jordan
77%
Oceania Marshall Islands
77%
Africa Mauritania
77%
Europe Montenegro
77%
Africa Republic of the Congo
77%
Asia Singapore
77%
Asia Sri Lanka
77%
Europe Switzerland
77%
Europe Ukraine
77%
Europe Belarus
74%
Asia Brunei
74%
Africa Burundi
74%
Europe Czech Republic
74%
Africa Equatorial Guinea
74%
North America Grenada
74%
Oceania Kiribati
74%
Europe Luxembourg
74%
Africa Mauritius
74%
Oceania Micronesia
74%
Europe North Macedonia
74%
North America Saint Vincent and the Grenadines
74%
Asia Azerbaijan
71%
Africa Burkina Faso
71%
Africa Cape Verde
71%
North America Costa Rica
71%
Asia Georgia
71%
Africa Madagascar
71%
Africa Liberia
68%
Asia Myanmar
68%
Africa Sao Tome and Principe
68%
Asia Syria
68%
North America Trinidad and Tobago
68%
Oceania Nauru
65%
No matching quizzes found
Score Distribution
Percent of People with Each Score
Percentile by Number Answered
Your Score History
You have not taken this quiz since the last reset